| 000 | 01145nam a2200253Ia 4500 | ||
|---|---|---|---|
| 003 | IN-BaIIA | ||
| 008 | 211028s9999 xx 000 0 eng d | ||
| 020 | _a90-277-2110-6 | ||
| 040 | _cIIA Library | ||
| 080 |
_a082.2:52 _bIAU-S111 |
||
| 111 |
_aSymposium of the International Astronomical Union on Calibration of Fundamental Stellar Quantities _n111th _cVilla Olmo, Como, Italy _d1984 May 24-29 _914453 |
||
| 245 | 0 |
_aCalibration of fundamental Stellar quantities _bproceedings of the 111th Symposium of the international Astronomical Union on calibration of fundamental Stellar quantities, held at Villa Olmo, Como, Italy, May 24-29, 1984 _cedited by D. S. Hayes, Pasinetti, L. E and Davis A. G Philip |
|
| 260 |
_aDordrecht _bD. Reidel Publishing _c1985 |
||
| 300 | _axxiii, 644p. | ||
| 650 | _aAstrometry | ||
| 650 | _aAstronomical photometry | ||
| 650 |
_aAstronomical techniques _91786 |
||
| 650 | _aAstronomy and Astrophysics thesaurus | ||
| 650 |
_aStellar quantities Calibration _914454 |
||
| 700 |
_aHayes, D. S., ed. _910533 |
||
| 700 |
_aPasinetti, L. E., ed. _914455 |
||
| 700 |
_aPhilip, Davis A. G., ed. _910534 |
||
| 942 | _cBK | ||
| 999 |
_c8611 _d8611 |
||